| 000 | 00678nam a2200217 a 4500 | ||
|---|---|---|---|
| 999 |
_c2238 _d2238 |
||
| 001 | 2238 | ||
| 003 | BD-JhCC | ||
| 005 | 20171031114516.0 | ||
| 008 | 171031s1976 bg |||| ||a| 000 0 ben d | ||
| 035 | _a(BD-JhCC)2238 | ||
| 040 |
_aBD-JhCC _dBD-JhCC |
||
| 041 | _aben | ||
| 082 |
_a830.9358 _bAHS 1976 |
||
| 100 | _aআহসান, সৈয়দ আলী | ||
| 245 |
_aআধুনিক জার্মান সাহিত্য / _cসৈয়দ আলী আহসান (অনু.) |
||
| 260 |
_aঢাকা : _bলালন প্রকাশনী, _c1976. |
||
| 300 |
_a346 p. : _c22 cm. |
||
| 650 | _aGerman Literature | ||
| 942 |
_2ddc _cBK |
||